[Event "4NCL Division 2c"]
[Site "Barcelo Hotel, Hinckley Island"]
[Date "2012.05.07"]
[Round "11.212"]
[White "Crouch, Colin S"]
[Black "Cooksey, Paul S"]
[Result "1-0"]
[WhiteElo "2374"]
[BlackElo "2273"]
[PlyCount "95"]
[EventDate "2012.05.07"]
[WhiteTeam "Pandora's Box Grantham"]
[BlackTeam "AMCA Dragons"]

1. d4 d5 2. Nf3 Nf6 3. c4 c6 4. e3 Bg4 5. Nc3 e6 6. h3 Bxf3 7. Qxf3 Nbd7 8. Bd2
Bb4 9. Be2 O-O 10. O-O Re8 11. Rfd1 Qc7 12. a3 Bd6 13. g4 h6 14. Qg2 dxc4 15.
f4 c5 16. Bxc4 cxd4 17. exd4 Nb6 18. Ba2 Qd7 19. g5 hxg5 20. fxg5 Nfd5 21. Ne4
Bf8 22. Rf1 Rac8 23. Rf2 Nc4 24. Bxc4 Rxc4 25. Raf1 Ne7 26. Be3 Qd5 27. Rxf7
Ng6 28. R7f6 Nh4 29. Qg4 Nf5 30. Rg6 Kf7 31. Ng3 Rc2 32. Nxf5 Rg2+ 33. Qxg2
Qxg2+ 34. Kxg2 exf5 35. Rxf5+ Kxg6 36. Rf3 Bd6 37. h4 Re4 38. Bf2 Re2 39. Rb3
b6 40. Kf3 Rc2 41. Rb5 Be7 42. a4 Kf7 43. h5 Ke6 44. b3 Rc1 45. Re5+ Kd7 46.
Kg4 Rh1 47. Bg3 Bd8 48. Re1 1-0

[Event "4NCL Division 2c"]
[Site "Barcelo Hotel, Hinckley Island"]
[Date "2012.05.07"]
[Round "11.213"]
[White "Hansen, Hans-Peter"]
[Black "Burrows, Martin P"]
[Result "0-1"]
[WhiteElo "2215"]
[BlackElo "2152"]
[PlyCount "82"]
[EventDate "2012.05.07"]
[WhiteTeam "AMCA Dragons"]
[BlackTeam "Pandora's Box Grantham"]

1. c4 Nf6 2. Nc3 e6 3. e4 c5 4. e5 Ng8 5. Nf3 Nc6 6. d4 cxd4 7. Nxd4 Nxe5 8.
Ndb5 a6 9. Nd6+ Bxd6 10. Qxd6 f6 11. Be3 Ne7 12. Bb6 Nf5 13. Qc5 Qe7 14. Qxe7+
Kxe7 15. Be2 h5 16. O-O-O d6 17. f4 Nd7 18. Bf2 b6 19. Bd3 g6 20. Rhe1 Bb7 21.
g3 Rac8 22. Kb1 Rhd8 23. Rd2 Bf3 24. Nd5+ Kf7 25. Nxb6 Rb8 26. Nxd7 Rxd7 27.
Rc1 e5 28. c5 d5 29. c6 Rc7 30. Bxa6 d4 31. Bd3 Rxc6 32. Re1 Rc5 33. Rc2 Rxc2
34. Kxc2 Ke6 35. Bc4+ Bd5 36. b3 Rc8 37. Kd3 Bxc4+ 38. bxc4 Ra8 39. Rb1 Ra3+
40. Rb3 Rxa2 41. Rb6+ Kf7 0-1

[Event "4NCL Division 2c"]
[Site "Barcelo Hotel, Hinckley Island"]
[Date "2012.05.07"]
[Round "11.214"]
[White "Ross, Chris N"]
[Black "Coates, Kenneth G"]
[Result "1/2-1/2"]
[WhiteElo "2230"]
[BlackElo "2194"]
[PlyCount "144"]
[EventDate "2012.05.07"]
[WhiteTeam "Pandora's Box Grantham"]
[BlackTeam "AMCA Dragons"]

1. d4 d5 2. Nf3 Nf6 3. c4 c6 4. e3 e6 5. Bd3 dxc4 6. Bxc4 Be7 7. O-O b5 8. Bd3
Bb7 9. Nbd2 Nbd7 10. Qe2 a6 11. a4 O-O 12. e4 Qb6 13. e5 Nd5 14. Ne4 c5 15.
dxc5 Nxc5 16. Nxc5 Bxc5 17. Bxh7+ Kxh7 18. Ng5+ Kg6 19. Qc2+ f5 20. exf6+ Kxf6
21. Ne4+ Kf7 22. Qxc5 Kg8 23. a5 Qd8 24. Nd6 Rb8 25. Nxb7 Rxb7 26. Bd2 Qf6 27.
Bc3 Nxc3 28. bxc3 Rff7 29. Qc8+ Kh7 30. Rad1 Rfc7 31. Qa8 Ra7 32. Qe4+ g6 33.
Rd6 Rc4 34. Qe3 Re7 35. Qh3+ Rh4 36. Qd3 Qe5 37. Qg3 Qxg3 38. hxg3 Rc4 39. Rxa6
Rxc3 40. Rb6 Ra3 41. Rxb5 Kg7 42. g4 Kf7 43. Re1 Rc7 44. g5 Ra2 45. Rbe5 Rc6
46. Rb1 Rcc2 47. Rb7+ Kf8 48. Rxe6 Rxf2 49. Rf6+ Rxf6 50. gxf6 Rxa5 51. Rg7 Rf5
52. Rxg6 Kf7 53. Rh6 Rxf6 54. Rh7+ Kg6 55. Ra7 Rb6 56. Kh2 Rc6 57. Ra5 Rb6 58.
Kh3 Rc6 59. Kh4 Rb6 60. g4 Kh6 61. Rh5+ Kg7 62. Rc5 Kg6 63. Rc4 Ra6 64. Re4 Rb6
65. Re8 Ra6 66. Rg8+ Kh7 67. Rg5 Kh6 68. Rg8 Kh7 69. Rb8 Kg6 70. Rb5 Rc6 71.
Rg5+ Kh6 72. Rh5+ Kg7 1/2-1/2

[Event "4NCL Division 2c"]
[Site "Barcelo Hotel, Hinckley Island"]
[Date "2012.05.07"]
[Round "11.216"]
[White "Batchelor, Peter J"]
[Black "Wadsworth, Matthew J"]
[Result "1/2-1/2"]
[WhiteElo "2006"]
[BlackElo "1975"]
[PlyCount "112"]
[EventDate "2012.05.07"]
[WhiteTeam "Pandora's Box Grantham"]
[BlackTeam "AMCA Dragons"]

1. Nf3 d5 2. d4 Nf6 3. c4 e6 4. Nc3 Be7 5. Bf4 O-O 6. e3 b6 7. Rc1 Bb7 8. cxd5
Nxd5 9. Nxd5 Qxd5 10. a3 c5 11. Bc4 Qh5 12. Be2 Qd5 13. dxc5 Bxc5 14. b4 Be7
15. O-O Rd8 16. Qxd5 Bxd5 17. Rfd1 Be4 18. Ne5 Rxd1+ 19. Bxd1 Na6 20. f3 Bb7
21. Bb3 Bf6 22. Rd1 Rd8 23. Rxd8+ Bxd8 24. e4 Nc7 25. Be3 Bf6 26. Nc4 Kf8 27.
Kf2 Ba6 28. a4 Bxc4 29. Bxc4 Bc3 30. b5 Ke7 31. Ke2 e5 32. Kd3 Bb4 33. Bb3 Ne6
34. Bxe6 Kxe6 35. Kc4 Bd6 36. a5 Bc7 37. a6 f6 38. h4 h5 39. g3 g6 40. g4 Bb8
41. g5 fxg5 42. Bxg5 Bc7 43. Kd3 Bd6 44. Be3 Bc7 45. Ke2 Bb8 46. Kf2 Bc7 47.
Kg3 Bd8 48. f4 Kd6 49. fxe5+ Kxe5 50. Kf3 Kd6 51. Bf2 Ke5 52. Ke3 g5 53. Bg3+
Ke6 54. hxg5 Bxg5+ 55. Kf3 Bd8 56. Bb8 Kd7 1/2-1/2

[Event "4NCL Division 2c"]
[Site "Barcelo Hotel, Hinckley Island"]
[Date "2012.05.07"]
[Round "11.217"]
[White "Duvall, Ian"]
[Black "Maroroa, Sue"]
[Result "1-0"]
[WhiteElo "2053"]
[BlackElo "2026"]
[PlyCount "47"]
[EventDate "2012.05.07"]
[WhiteTeam "AMCA Dragons"]
[BlackTeam "Pandora's Box Grantham"]

1. d4 Nf6 2. c4 e6 3. Nf3 Bb4+ 4. Bd2 Qe7 5. g3 Nc6 6. Bg2 Ne4 7. O-O d5 8. Bf4
g5 9. Be3 dxc4 10. Qc2 f5 11. Ne5 Nxe5 12. dxe5 Bd7 13. Qxc4 h5 14. Bxe4 fxe4
15. Qxe4 O-O-O 16. Bxa7 Bc6 17. Qc2 Qd7 18. a3 Qd5 19. e4 Qxe5 20. axb4 Bxe4
21. Qc3 Qb5 22. Bd4 Rhg8 23. Bf6 Rd6 24. Ra8+ 1-0

[Event "4NCL Division 2c"]
[Site "Barcelo Hotel, Hinckley Island"]
[Date "2012.05.07"]
[Round "11.218"]
[White "McCarthy, Kevin C"]
[Black "Claridge-Hansen, William"]
[Result "1-0"]
[WhiteElo "1982"]
[BlackElo "1706"]
[PlyCount "93"]
[EventDate "2012.05.07"]
[WhiteTeam "Pandora's Box Grantham"]
[BlackTeam "AMCA Dragons"]

1. c4 c5 2. g3 g6 3. Bg2 Bg7 4. Nc3 Nc6 5. Nf3 e5 6. d3 Nge7 7. e4 O-O 8. O-O
d6 9. Rb1 h6 10. a3 a5 11. h3 Be6 12. Nd5 Rb8 13. Be3 f5 14. Nh2 Qd7 15. Nb6
Qd8 16. Nd5 f4 17. gxf4 Bxd5 18. cxd5 exf4 19. Bd2 Nd4 20. Nf3 Nxf3+ 21. Bxf3
Kh7 22. Bc3 Ng8 23. Bxg7 Kxg7 24. Kh2 Qh4 25. Qd2 Nf6 26. Rg1 h5 27. Kg2 Nd7
28. Rh1 Ne5 29. Qe2 b5 30. b3 Rfc8 31. Rhd1 Rc7 32. d4 cxd4 33. Rxd4 Rbc8 34.
Rbd1 Rc3 35. R4d3 Nxd3 36. Rxd3 Rc2 37. Rd2 Qg5+ 38. Kh2 Rc1 39. Rd1 R8c2 40.
Rxc1 Rxc1 41. Qb2+ Qe5 42. Qxc1 Qd4 43. Kg2 Qe5 44. Qc7+ Kh6 45. Qxa5 g5 46.
Qd8 g4 47. hxg4 1-0

[Event "4NCL Division 2c"]
[Site "Barcelo Hotel, Hinckley Island"]
[Date "2012.05.07"]
[Round "11.221"]
[White "Cooper, John G"]
[Black "Swanson, Stephen"]
[Result "1/2-1/2"]
[WhiteElo "2351"]
[BlackElo "2277"]
[PlyCount "26"]
[EventDate "2012.05.07"]
[WhiteTeam "South Wales Dragons"]
[BlackTeam "Poisoned Pawns"]

1. Nf3 d6 2. d4 g6 3. e4 Bg7 4. Be2 Nf6 5. Nc3 O-O 6. O-O Nc6 7. d5 Nb8 8. h3
c6 9. Re1 Nbd7 10. a4 cxd5 11. exd5 Nc5 12. Bf1 Re8 13. Be3 Qa5 1/2-1/2

[Event "4NCL Division 2c"]
[Site "Barcelo Hotel, Hinckley Island"]
[Date "2012.05.07"]
[Round "11.222"]
[White "Byway, Paul V"]
[Black "Zeidler, Sven P"]
[Result "1/2-1/2"]
[WhiteElo "2160"]
[BlackElo "2279"]
[PlyCount "45"]
[EventDate "2012.05.07"]
[WhiteTeam "Poisoned Pawns"]
[BlackTeam "South Wales Dragons"]

1. Nf3 f5 2. c4 Nf6 3. g3 g6 4. Bg2 Bg7 5. O-O d6 6. d4 O-O 7. Nc3 c6 8. Qc2
Qc7 9. e4 fxe4 10. Nxe4 Bf5 11. Nh4 Nxe4 12. Bxe4 Bh3 13. Rd1 Nd7 14. Be3 Nf6
15. Bg2 Bd7 16. h3 Rae8 17. Qd2 d5 18. cxd5 Nxd5 19. Bh6 Qd6 20. Bxg7 Kxg7 21.
Rf1 Qb4 22. Rad1 Qxd2 23. Rxd2 1/2-1/2

[Event "4NCL Division 2c"]
[Site "Barcelo Hotel, Hinckley Island"]
[Date "2012.05.07"]
[Round "11.223"]
[White "Dineley, Richard DP"]
[Black "McEwan, Ken B"]
[Result "1-0"]
[WhiteElo "2264"]
[BlackElo "2109"]
[PlyCount "117"]
[EventDate "2012.05.07"]
[WhiteTeam "South Wales Dragons"]
[BlackTeam "Poisoned Pawns"]

1. e4 c5 2. Nf3 d6 3. d4 cxd4 4. Nxd4 Nf6 5. Nc3 a6 6. Be2 Bd7 7. O-O Nc6 8.
Be3 b5 9. a4 b4 10. Nd5 Nxd5 11. exd5 Nxd4 12. Qxd4 a5 13. c3 bxc3 14. bxc3 f6
15. Rab1 g6 16. Rb7 Kf7 17. Bg4 Bc8 18. Bxc8 Qxc8 19. Rfb1 Bg7 20. Bf4 Rd8 21.
Qe4 Bf8 22. c4 Kg8 23. h3 Kh8 24. Bh6 Rd7 25. Rxd7 Qxd7 26. Bxf8 Rxf8 27. Rb5
Qc7 28. g3 Rc8 29. Qe1 Ra8 30. Qe3 Rc8 31. h4 Re8 32. c5 dxc5 33. Rxc5 Qb6 34.
Rb5 Qc7 35. Qc5 Qxc5 36. Rxc5 Ra8 37. f4 Kg8 38. Kg2 Kf7 39. Kf3 Ke8 40. d6 Kd7
41. dxe7 h6 42. Ke4 Kxe7 43. f5 g5 44. Rc7+ Kf8 45. hxg5 hxg5 46. Kd5 Re8 47.
g4 Re1 48. Ra7 Ke8 49. Kd6 Re5 50. Rc7 Re4 51. Rc5 Rxa4 52. Ke6 Re4+ 53. Kxf6
Rxg4 54. Rxa5 Rf4 55. Kxg5 Rb4 56. Kg6 Rb8 57. Ra7 Kf8 58. f6 Kg8 59. Rg7+ 1-0

[Event "4NCL Division 2c"]
[Site "Barcelo Hotel, Hinckley Island"]
[Date "2012.05.07"]
[Round "11.224"]
[White "Goodger, Martyn"]
[Black "Redmond, John P"]
[Result "1/2-1/2"]
[WhiteElo "2098"]
[BlackElo "2246"]
[PlyCount "32"]
[EventDate "2012.05.07"]
[WhiteTeam "Poisoned Pawns"]
[BlackTeam "South Wales Dragons"]

1. e4 d6 2. d4 Nf6 3. Nc3 g6 4. Be3 Bg7 5. h3 O-O 6. f4 c5 7. dxc5 Qa5 8. Bd3
dxc5 9. e5 Nd5 10. Bd2 Nxc3 11. Bxc3 Qc7 12. Qe2 Nc6 13. Nf3 a6 14. a4 f6 15.
O-O Bd7 16. Rae1 Rad8 1/2-1/2

[Event "4NCL Division 2c"]
[Site "Barcelo Hotel, Hinckley Island"]
[Date "2012.05.07"]
[Round "11.225"]
[White "James, David J"]
[Black "Rosen, Daniel B"]
[Result "1/2-1/2"]
[WhiteElo "2133"]
[BlackElo "2125"]
[PlyCount "55"]
[EventDate "2012.05.07"]
[WhiteTeam "South Wales Dragons"]
[BlackTeam "Poisoned Pawns"]

1. d4 f5 2. Nf3 Nf6 3. g3 e6 4. Bg2 Be7 5. O-O O-O 6. c4 d5 7. Qc2 c6 8. Nbd2
Bd7 9. Ne5 Be8 10. Ndf3 Bh5 11. Nd3 Bxf3 12. Bxf3 Na6 13. c5 Nd7 14. Bf4 Bf6
15. e3 Nc7 16. b4 g5 17. Bd6 Be7 18. Bxe7 Qxe7 19. a4 a6 20. Rab1 e5 21. Nxe5
Nxe5 22. dxe5 Qxe5 23. Be2 Ne6 24. Bd3 g4 25. Rfc1 Ng5 26. Bf1 Qe4 27. Bg2 Qxc2
28. Rxc2 1/2-1/2

[Event "4NCL Division 2c"]
[Site "Barcelo Hotel, Hinckley Island"]
[Date "2012.05.07"]
[Round "11.226"]
[White "McMahon, Paul"]
[Black "Morris, Charles F"]
[Result "0-1"]
[WhiteElo "2029"]
[BlackElo "2158"]
[PlyCount "40"]
[EventDate "2012.05.07"]
[WhiteTeam "Poisoned Pawns"]
[BlackTeam "South Wales Dragons"]

1. Nc3 d5 2. e4 e6 3. Nf3 Nf6 4. e5 Nfd7 5. d3 c5 6. g3 Nc6 7. Bf4 Qa5 8. Qd2
b5 9. a4 a6 10. Bg2 b4 11. Ne2 Qc7 12. c4 bxc3 13. Qxc3 Rb8 14. O-O Na5 15. Nd2
Be7 16. Bxd5 g5 17. Bxg5 Bxg5 18. f4 Be7 19. Be4 c4 20. d4 Bb4 0-1

[Event "4NCL Division 2c"]
[Site "Barcelo Hotel, Hinckley Island"]
[Date "2012.05.07"]
[Round "11.227"]
[White "Jameson, David"]
[Black "Redman, David J"]
[Result "1-0"]
[WhiteElo "2076"]
[BlackElo "1803"]
[PlyCount "41"]
[EventDate "2012.05.07"]
[WhiteTeam "South Wales Dragons"]
[BlackTeam "Poisoned Pawns"]

1. e4 d5 2. exd5 Nf6 3. d4 Nxd5 4. Nf3 Bg4 5. Be2 e6 6. O-O Nc6 7. c4 Nf6 8.
Nc3 Qd7 9. d5 exd5 10. cxd5 Bxf3 11. Bxf3 Nb4 12. Bg5 Be7 13. Bxf6 gxf6 14. a3
Na6 15. d6 cxd6 16. Nd5 Nc5 17. Rc1 O-O 18. Re1 Ne6 19. Be4 Bd8 20. Qg4+ Kh8
21. Qf5 1-0

[Event "4NCL Division 2c"]
[Site "Barcelo Hotel, Hinckley Island"]
[Date "2012.05.07"]
[Round "11.231"]
[White "Clarke, Brandon GI"]
[Black "McMichael, Richard J"]
[Result "1-0"]
[WhiteElo "2138"]
[BlackElo "2266"]
[PlyCount "81"]
[EventDate "2012.05.07"]
[WhiteTeam "Warwickshire Select 1"]
[BlackTeam "Kings Head"]

1. e3 d6 2. b3 Nf6 3. Bb2 g6 4. g3 Bg7 5. Bg2 O-O 6. Ne2 c5 7. d3 Nc6 8. Nd2 e5
9. h3 Be6 10. O-O Qd7 11. Kh2 h6 12. a3 Nh7 13. c4 f5 14. Qc2 Rae8 15. f4 Re7
16. Nc3 exf4 17. gxf4 g5 18. Nd5 Ref7 19. Bf3 g4 20. hxg4 fxg4 21. Be4 Bf5 22.
Kg3 Ne7 23. Rh1 Bxe4 24. dxe4 Nxd5 25. cxd5 Nf6 26. Bxf6 Rxf6 27. Raf1 Qf7 28.
Kxg4 Rg6+ 29. Kf3 Rg5 30. Ke2 Rg2+ 31. Rf2 Qg6 32. Nf3 Re8 33. Nh4 Rxf2+ 34.
Kxf2 Qxe4 35. Qxe4 Rxe4 36. Nf5 Bf8 37. Nxh6+ Kg7 38. Kf3 Re8 39. e4 Kg6 40.
Nf5 b5 41. Rh8 1-0

[Event "4NCL Division 2c"]
[Site "Barcelo Hotel, Hinckley Island"]
[Date "2012.05.07"]
[Round "11.232"]
[White "Kwiatkowski, Feliks J"]
[Black "Mason, Donald J"]
[Result "1/2-1/2"]
[WhiteElo "2241"]
[BlackElo "2227"]
[PlyCount "69"]
[EventDate "2012.05.07"]
[WhiteTeam "Kings Head"]
[BlackTeam "Warwickshire Select 1"]

1. e4 e6 2. d4 d5 3. Nd2 Nf6 4. e5 Nfd7 5. Bd3 c5 6. c3 Nc6 7. Ne2 cxd4 8. cxd4
f6 9. exf6 Nxf6 10. Nf3 Bd6 11. O-O Qc7 12. Bg5 O-O 13. Rc1 Bd7 14. Bh4 Nh5 15.
Bb1 a6 16. Rc3 g6 17. a3 Rac8 18. Re1 Qb8 19. Qd2 Nf4 20. Bg3 Nxe2+ 21. Rxe2
Bf4 22. Bxf4 Qxf4 23. Rce3 Rf7 24. g3 Qf6 25. h4 Rcf8 26. Ne5 Nxe5 27. Rxe5 Qf3
28. Bd3 Rf4 29. Qe3 Qxe3 30. fxe3 Rf1+ 31. Kg2 Rd1 32. Bc2 Rc1 33. Bd3 Rd1 34.
Bc2 Rc1 35. Bd3 1/2-1/2

[Event "4NCL Division 2c"]
[Site "Barcelo Hotel, Hinckley Island"]
[Date "2012.05.07"]
[Round "11.233"]
[White "Thomas, Nicholas"]
[Black "Wittmann, Jochen"]
[Result "1/2-1/2"]
[WhiteElo "2268"]
[BlackElo "2216"]
[PlyCount "90"]
[EventDate "2012.05.07"]
[WhiteTeam "Warwickshire Select 1"]
[BlackTeam "Kings Head"]

1. e4 e5 2. Nf3 Nc6 3. Bc4 Nf6 4. d4 exd4 5. O-O Nxe4 6. Re1 d5 7. Bxd5 Qxd5 8.
Nc3 Qh5 9. Nxe4 Be6 10. Neg5 O-O-O 11. Nxe6 fxe6 12. Bg5 Bb4 13. Bxd8 Bxe1 14.
Qxe1 Kxd8 15. Qxe6 Re8 16. Qc4 Kc8 17. Rd1 Rd8 18. Kf1 Qf5 19. Re1 Qd5 20. Qxd5
Rxd5 21. Re8+ Kd7 22. Rg8 Nb4 23. Rxg7+ Kd6 24. Rxh7 Nxc2 25. g4 d3 26. Rh5 c5
27. Rxd5+ Kxd5 28. g5 Ke6 29. g6 c4 30. Ne5 Kf6 31. Nxc4 Nd4 32. a4 Nf3 33. Kg2
d2 34. Ne3 Ne5 35. Kg3 a5 36. Nd1 Kxg6 37. Kf4 Nd3+ 38. Ke3 Nc5 39. Kxd2 Nxa4
40. Kd3 Nc5+ 41. Kc4 b6 42. Kb5 Nd3 43. Kxb6 a4 44. Kb5 Nxb2 45. Nc3 Nd3
1/2-1/2

[Event "4NCL Division 2c"]
[Site "Barcelo Hotel, Hinckley Island"]
[Date "2012.05.07"]
[Round "11.234"]
[White "Haria, Ravi"]
[Black "Weaving, Richard"]
[Result "0-1"]
[WhiteElo "2060"]
[BlackElo "2116"]
[PlyCount "94"]
[EventDate "2012.05.07"]
[WhiteTeam "Kings Head"]
[BlackTeam "Warwickshire Select 1"]

1. e4 e5 2. Nf3 Nc6 3. Bb5 Nf6 4. d3 Bc5 5. Bxc6 dxc6 6. b3 Bg4 7. Nbd2 Nd7 8.
Bb2 f6 9. Nf1 Bb4+ 10. c3 Be7 11. Qe2 Nc5 12. Rd1 Ne6 13. Bc1 Qd6 14. h3 Bxf3
15. Qxf3 Qc5 16. Bd2 Rd8 17. Ng3 Qa3 18. O-O Qxa2 19. Nf5 Qxb3 20. Rb1 Qc2 21.
Be3 b6 22. d4 g6 23. Nh6 exd4 24. cxd4 Nxd4 25. Bxd4 Rxd4 26. e5 Qe4 27. Qc3
fxe5 28. Rfe1 Qd5 29. Qg3 Bd6 30. f4 e4 31. Qg4 Kd8 32. f5 Rf8 33. fxg6 hxg6
34. Qxg6 Kc8 35. Rf1 Rxf1+ 36. Rxf1 Rd2 37. Nf7 Bc5+ 38. Kh1 e3 39. Qg8+ Kb7
40. Ra1 Rd1+ 41. Rxd1 Qxd1+ 42. Kh2 Bd6+ 43. g3 Qc2+ 44. Kh1 e2 45. Nd8+ Ka6
46. Qe6 Qd1+ 47. Kh2 Bxg3+ 0-1

[Event "4NCL Division 2c"]
[Site "Barcelo Hotel, Hinckley Island"]
[Date "2012.05.07"]
[Round "11.236"]
[White "Thomas, Rik H"]
[Black "Stepanyan, Henrik"]
[Result "1-0"]
[WhiteElo "2197"]
[BlackElo "1942"]
[PlyCount "81"]
[EventDate "2012.05.07"]
[WhiteTeam "Kings Head"]
[BlackTeam "Warwickshire Select 1"]

1. Nf3 Nf6 2. g3 d5 3. Bg2 c5 4. O-O Nc6 5. d4 e6 6. c4 Be7 7. Nc3 O-O 8. cxd5
exd5 9. dxc5 Bxc5 10. Bg5 Be7 11. Nd4 Re8 12. e3 h6 13. Bxf6 Bxf6 14. Bxd5 Nxd4
15. exd4 Qb6 16. Qf3 Be6 17. Bxb7 Rab8 18. Bc6 Red8 19. d5 Bh3 20. Na4 Qa5 21.
Rfc1 Rb4 22. Nc5 Rxb2 23. g4 Rb4 24. Qxh3 Bxa1 25. Nd3 Bb2 26. Rc2 Bd4 27. Nxb4
Qxb4 28. Qd3 Bb6 29. h3 Qf4 30. Kg2 Bc7 31. Qf3 Qh2+ 32. Kf1 Rb8 33. Rc1 Rb2
34. Be8 Rxf2+ 35. Qxf2 Qh1+ 36. Ke2 Qxc1 37. Qxf7+ Kh8 38. Qf8+ Kh7 39. Qf5+
Kh8 40. Qf8+ Kh7 41. Bg6+ 1-0

[Event "4NCL Division 2c"]
[Site "Barcelo Hotel, Hinckley Island"]
[Date "2012.05.07"]
[Round "11.237"]
[White "Lam, Paul GM"]
[Black "Mackenzie, Colin"]
[Result "0-1"]
[WhiteElo "2117"]
[BlackElo "2096"]
[PlyCount "80"]
[EventDate "2012.05.07"]
[WhiteTeam "Warwickshire Select 1"]
[BlackTeam "Kings Head"]

1. e4 e6 2. Nf3 d5 3. e5 c5 4. b4 cxb4 5. a3 Nc6 6. axb4 Bxb4 7. c3 Be7 8. d4
Bd7 9. Bd3 f5 10. O-O Nh6 11. Bxh6 gxh6 12. Ne1 O-O 13. Qh5 Rf7 14. Qxh6 Na5
15. f4 Nb3 16. Ra2 Nc1 17. Rb2 Nxd3 18. Nxd3 b6 19. Kh1 Rg7 20. Nf2 a5 21. g4
Rg6 22. Qh5 a4 23. Rg1 a3 24. Ra2 Qf8 25. g5 Bb5 26. Nd2 Qc8 27. Qf3 Bc4 28.
Raa1 a2 29. Nd1 Rg7 30. Rg2 Bf8 31. Nxc4 Qxc4 32. Qf2 Rga7 33. g6 h6 34. Qb2 b5
35. Ne3 Qd3 36. Nf1 Rc8 37. Ng3 Rxc3 38. Nh5 Rb3 39. Nf6+ Kh8 40. g7+ Bxg7 0-1

[Event "4NCL Division 2c"]
[Site "Barcelo Hotel, Hinckley Island"]
[Date "2012.05.07"]
[Round "11.241"]
[White "Van Kampen, Robin"]
[Black "Weller, Jean-Luc"]
[Result "1-0"]
[WhiteElo "2568"]
[BlackElo "2074"]
[PlyCount "73"]
[EventDate "2012.05.07"]
[WhiteTeam "Sambuca Sharks"]
[BlackTeam "White Rose 2"]

1. e4 e6 2. d4 d5 3. Nc3 Nf6 4. Bg5 Be7 5. e5 Nfd7 6. Bxe7 Qxe7 7. f4 a6 8. Nf3
c5 9. dxc5 Qxc5 10. Qd2 Nc6 11. Bd3 b5 12. a3 Rb8 13. b4 Qa7 14. Qf2 Qc7 15.
O-O f5 16. Ne2 Nb6 17. Ned4 Nxd4 18. Nxd4 O-O 19. Kh1 Nc4 20. Nb3 Bb7 21. Nc5
Qc6 22. Qd4 Ba8 23. Rf2 Rbc8 24. h3 Rc7 25. Kh2 g6 26. a4 Bb7 27. axb5 axb5 28.
c3 Kf7 29. Ra7 Rb8 30. Rfa2 Bc8 31. Qf2 Bb7 32. Qh4 Kg8 33. Qf6 Re8 34. Nxb7
Rxb7 35. R2a6 Nb6 36. Bxb5 Qxb5 37. Rxb7 1-0

[Event "4NCL Division 2c"]
[Site "Barcelo Hotel, Hinckley Island"]
[Date "2012.05.07"]
[Round "11.242"]
[White "Burnett, Jim"]
[Black "Rendle, Thomas E"]
[Result "0-1"]
[WhiteElo "2136"]
[BlackElo "2383"]
[PlyCount "94"]
[EventDate "2012.05.07"]
[WhiteTeam "White Rose 2"]
[BlackTeam "Sambuca Sharks"]

1. d4 f5 2. Nf3 Nf6 3. g3 g6 4. Bg2 Bg7 5. O-O O-O 6. c4 d6 7. b3 c6 8. Qc2 Qc7
9. Bb2 Re8 10. Nbd2 e5 11. dxe5 dxe5 12. c5 e4 13. Ng5 h6 14. Nh3 Na6 15. a3
Be6 16. b4 Rad8 17. Nc4 Bxc4 18. Qxc4+ Qf7 19. Qxf7+ Kxf7 20. Rfd1 g5 21. f4 g4
22. Nf2 Nd5 23. Bxg7 Kxg7 24. Rdc1 Ne3 25. Nd1 Nxd1 26. Rxd1 Nc7 27. Kf2 Nb5
28. e3 Nc3 29. Rd6 Rxd6 30. cxd6 Rd8 31. Rc1 Nd5 32. Bf1 a6 33. Rd1 Rxd6 34.
Bc4 Kf6 35. Bb3 Ke7 36. Rd4 Nc3 37. Rxd6 Kxd6 38. Ke1 b5 39. Bf7 Nb1 40. Bg6
Ke6 41. Be8 Nxa3 42. Bxc6 Nc2+ 43. Kd2 Nxb4 44. Bb7 Kd7 45. Kc3 a5 46. Kd4 Kc7
47. Ba8 Kb8 0-1

[Event "4NCL Division 2c"]
[Site "Barcelo Hotel, Hinckley Island"]
[Date "2012.05.07"]
[Round "11.243"]
[White "Roberson, Peter T"]
[Black "Weller, Pierre"]
[Result "1/2-1/2"]
[WhiteElo "2283"]
[BlackElo "1987"]
[PlyCount "57"]
[EventDate "2012.05.07"]
[WhiteTeam "Sambuca Sharks"]
[BlackTeam "White Rose 2"]

1. e4 e6 2. d4 d5 3. Nd2 Nf6 4. e5 Nfd7 5. f4 c5 6. Ndf3 Nc6 7. c3 Qb6 8. a3
Be7 9. h4 f6 10. Bd3 f5 11. Ne2 c4 12. Bc2 h5 13. Ng3 g6 14. Nf1 Na5 15. Ne3
Qc7 16. a4 a6 17. Bd2 Nb6 18. O-O Bd7 19. Be1 Kf7 20. Nd2 Rab8 21. Qe2 Na8 22.
b4 Nc6 23. Bf2 b5 24. Ra2 Nb6 25. axb5 axb5 26. Rfa1 Ra8 27. Qd1 Rxa2 28. Rxa2
Na8 29. Rxa8 1/2-1/2

[Event "4NCL Division 2c"]
[Site "Barcelo Hotel, Hinckley Island"]
[Date "2012.05.07"]
[Round "11.244"]
[White "Shaw, Peter"]
[Black "Murphy, Hugh W"]
[Result "1/2-1/2"]
[WhiteElo "2180"]
[BlackElo "2217"]
[PlyCount "41"]
[EventDate "2012.05.07"]
[WhiteTeam "White Rose 2"]
[BlackTeam "Sambuca Sharks"]

1. d4 d5 2. c4 e6 3. Nf3 Nf6 4. Bg5 Be7 5. e3 O-O 6. Nc3 Nbd7 7. Rc1 a6 8. a3
c6 9. Bd3 dxc4 10. Bxc4 Nd5 11. Bxe7 Qxe7 12. O-O Nxc3 13. Rxc3 e5 14. Ba2 e4
15. Nd2 Nf6 16. Rc5 Bg4 17. Qa4 Rfe8 18. h3 Be6 19. Bxe6 Qxe6 20. Re5 Qd7 21.
Rxe8+ 1/2-1/2

[Event "4NCL Division 2c"]
[Site "Barcelo Hotel, Hinckley Island"]
[Date "2012.05.07"]
[Round "11.245"]
[White "Williams, Samuel G"]
[Black "Arnott, Jonathan W"]
[Result "1-0"]
[WhiteElo "2234"]
[BlackElo "2191"]
[PlyCount "97"]
[EventDate "2012.05.07"]
[WhiteTeam "Sambuca Sharks"]
[BlackTeam "White Rose 2"]

1. d4 d5 2. c4 c6 3. Nf3 Nf6 4. Nc3 a6 5. c5 Nbd7 6. Bf4 Nh5 7. Bg5 h6 8. Bd2
Nhf6 9. Bf4 Nh5 10. Be5 Nxe5 11. Nxe5 g6 12. Qc2 Be6 13. e3 Bg7 14. f4 Bxe5 15.
fxe5 Ng7 16. Bd3 Bf5 17. O-O-O Bxd3 18. Qxd3 b6 19. cxb6 Qxb6 20. Kb1 Rb8 21.
Na4 Qb5 22. Qc2 Ne6 23. Rd3 O-O 24. Rc3 Rfc8 25. Rc1 Kg7 26. Nc5 Nxc5 27. Rxc5
Qb4 28. Qc3 Qxc3 29. R1xc3 Rb6 30. b3 e6 31. a4 h5 32. Kb2 g5 33. Ka3 Kg6 34.
a5 Rb5 35. Rxb5 axb5 36. Kb4 Kf5 37. a6 Ke4 38. Kc5 Ra8 39. Kb6 b4 40. Rxc6
Kxe3 41. Kc5 g4 42. Kxb4 Kxd4 43. Ka5 Ke3 44. b4 d4 45. b5 d3 46. Rd6 d2 47. b6
Ke2 48. Rxd2+ Kxd2 49. b7 1-0

[Event "4NCL Division 2c"]
[Site "Barcelo Hotel, Hinckley Island"]
[Date "2012.05.07"]
[Round "11.246"]
[White "O'Driscoll, Kieran"]
[Black "Purton, Ben J"]
[Result "1/2-1/2"]
[WhiteElo "2104"]
[BlackElo "2145"]
[PlyCount "22"]
[EventDate "2012.05.07"]
[WhiteTeam "White Rose 2"]
[BlackTeam "Sambuca Sharks"]

1. d4 Nf6 2. c4 g6 3. Nc3 d5 4. Nf3 Bg7 5. Bf4 c6 6. e3 O-O 7. h3 Nbd7 8. cxd5
Nxd5 9. Nxd5 cxd5 10. Bd3 Qa5+ 11. Qd2 Qxd2+ 1/2-1/2

[Event "4NCL Division 2c"]
[Site "Barcelo Hotel, Hinckley Island"]
[Date "2012.05.07"]
[Round "11.247"]
[White "Varnam, Liam D"]
[Black "Lewyk, Ihor"]
[Result "1-0"]
[WhiteElo "2060"]
[BlackElo "2091"]
[PlyCount "73"]
[EventDate "2012.05.07"]
[WhiteTeam "Sambuca Sharks"]
[BlackTeam "White Rose 2"]

1. c4 c5 2. g3 Nc6 3. Bg2 g6 4. Nc3 Bg7 5. a3 a5 6. e4 e5 7. Nge2 Nge7 8. O-O
O-O 9. f4 d6 10. d3 f5 11. Rb1 Be6 12. Nd5 fxe4 13. dxe4 Nd4 14. Nxd4 exd4 15.
g4 Nxd5 16. cxd5 Bd7 17. g5 b5 18. h4 Qc8 19. h5 c4 20. hxg6 hxg6 21. f5 gxf5
22. Qh5 fxe4 23. Rxf8+ Qxf8 24. Bxe4 Qf7 25. Qh7+ Kf8 26. Bd2 Ke7 27. g6 Qf6
28. Rf1 Rh8 29. Rxf6 Rxh7 30. Rf7+ Ke8 31. Rxd7 Kxd7 32. gxh7 c3 33. Bc1 b4 34.
axb4 axb4 35. b3 Ke7 36. Kf1 Kf6 37. Bf4 1-0